Fundació museu marítim : Drassanes Reials de Barcelona Drassanes Reials de Barcelona
Descripción Física:
5 f. solts en una carpeta ; 31 cm
Materias:
Museu Marítim (Barcelona)
MARC
| LEADER | 00000nam a2200000Ia 4500 | ||
|---|---|---|---|
| 001 | 18300 | ||
| 008 | 160829s9999 xx 000 0 cat d | ||
| 080 | |a FU-50-12 | ||
| 245 | |a Fundació museu marítim : |b Drassanes Reials de Barcelona | ||
| 260 | |a Barcelona : |b la Fundació, [s.a.] | ||
| 300 | |a 5 f. solts en una carpeta ; |c 31 cm | ||
| 650 | |a Museu Marítim (Barcelona) | ||
| 901 | |a Arxiu | ||
| 942 | |n 1 | ||
| 952 | |0 0 |1 0 |4 0 |6 FU5012 |7 1 |9 42023 |a Arxiu |b Arxiu |d 2016-12-01 |l 0 |o FU-50-12 |p 18300 |r 2016-12-01 00:00:00 |w 2016-12-01 |y ARXIU | ||
| 999 | |c 44470 |d 44470 | ||